01609cam a22003737a 4500003000500000005001700005008004100022010001000063011001000073035001000083040000900093090001000102100005000112245014900162260004100311300003200352502008800384590003700472590004100509590004100550590004100591590004200632650005200674650004500726650002500771901000700796905002400803942000900827949006200836949005100898999001700949952014000966952012901106CHAP20240219115408.0030325d2003 mx r 00110 spa d a87039 a88011 a98556 cCHAP aTesis10aVázquez Hernández, Marcos Ventura911822310aRespuestas fisiológicas de Pitahaya (Hylocereus undatus) frigoconservadas en atmosferas controladasc/por Marcos Ventura Vázquez Hernández aChapingo, Méx. :bEl autor,c2003. a94 h. ;bgráfs. ; cuadros aTesis (Ing. Agroindustrial) -- UACH. Departartamento de Ingeniería Agroindustrial aALEPHb10c20130110lUCH01h1452 aBATCH-UPDb10c20130110lUCH01h0420 aBATCH-UPDb10c20130410lUCH01h0055 aBATCH-UPDb10c20130914lUCH01h0242 aCONVERSIONb10c20130109lUCH01h134814aAlmacenamiento en atmósfera controlada.9446114aFrutaxConservación por frío.94360314aStenocereus.9109642 aBK aMayto Villalobos S. cFOLL aTesisbBCcTESd33724000887253eTS2fc.2h40725i98556si aTesisbBCcTESd98556123eTS1h40724i98556sb c87039d87039 00102local4053708TESISaBCbBCcPA_TESISd2019-12-31fTESISl0oTesisp33724000887253r2019-12-31 00:00:00tc.2w2019-12-31yTESIS 00102local4051708TESISaBCbBCcPA_TESISd2019-12-31fTESISl0oTesisp98556123r2019-12-31 00:00:00w2019-12-31yTESIS